| 000 | 01555nam a2200277Ia 4500 | ||
|---|---|---|---|
| 999 |
_c50315 _d50315 |
||
| 001 | 17256 | ||
| 003 | GE_BSU | ||
| 005 | 20200207150548.0 | ||
| 008 | 181216s2014ge xx |||||||||||||| ||geo|| | ||
| 020 | _a9789941457111 | ||
| 040 | _cGE_BSU | ||
| 041 | _ageo | ||
| 080 | _a123+008 დ-55 | ||
| 100 |
_aდიუი, ჯონ. _96902 |
||
| 245 |
_aთავისუფლება და კულტურა = Freedom and culture / _cჯონ დიუი ; ინგლ. თარგმნა გიორგი თავაძემ ; სამეცნ. რედ : თენგიზ ირემაძე ; ლალი ზაქარაძე. |
||
| 264 |
_aთბილისი : _bნეკერი, _c2014. |
||
| 300 |
_a184 გვ ; _c20 სმ. |
||
| 500 | _a შენიშვნები: გვ. 163-169. - სახელთა საძიებელი: გვ. 170-174 | ||
| 546 | _aგარეკანი ქართ. და ინგლ. ენაზე | ||
| 653 | _aთავისუფლება; დემოკრატია კულტურის ფილოსოფია | ||
| 653 | _aფილოსოფია | ||
| 700 |
_aთავაძე, გიორგ _eინგლისურიდან თარგმნა _96903 |
||
| 700 |
_aრემაძე, თენგიზ _eსამეცნიერო რედაქტორი _96904 |
||
| 700 |
_aზაქარაძე, ლალი _eსამეცნიერო რედაქტორი _92152 |
||
| 942 |
_cBK _2udc |
||